| 000 | 00458nam a2200157 a 4500 | ||
|---|---|---|---|
| 001 | 3638 | ||
| 003 | CDMR | ||
| 005 | 20130116135247.0 | ||
| 008 | 130130s1999||||||||||||||||||||||||||||d | ||
| 040 |
_aCDMR _bcat _cCPC GIRONA |
||
| 100 | 1 |
_aCarbonell i Fita, Pere _92157 |
|
| 245 | 1 | 0 |
_aTres Nadals empresonats (1939-1943) _cCarbonell i Fita, Pere |
| 260 |
_c1999 _bPublicacions de l'Abadia de Montserrat |
||
| 490 | 0 |
_aBiblioteca Serra d'Or _v234 _92158 |
|
| 942 | _cMON | ||
| 999 |
_c3638 _d3638 |
||